| 000 -LEADER |
| fixed length control field |
01868cam a22004337a 4500 |
| 001 - CONTROL NUMBER |
| control field |
14538799 |
| 005 - DATE AND TIME OF LATEST TRANSACTION |
| control field |
20170105102345.0 |
| 008 - FIXED-LENGTH DATA ELEMENTS--GENERAL INFORMATION |
| fixed length control field |
060907s2004 caua 001 0 eng d |
| 010 ## - LIBRARY OF CONGRESS CONTROL NUMBER |
| LC control number |
2006281089 |
| 020 ## - INTERNATIONAL STANDARD BOOK NUMBER |
| International Standard Book Number |
0596005407 (pbk.) |
| 020 ## - INTERNATIONAL STANDARD BOOK NUMBER |
| International Standard Book Number |
9780596005405 |
| 035 ## - SYSTEM CONTROL NUMBER |
| System control number |
(OCoLC)ocm56473795 |
| 040 ## - CATALOGING SOURCE |
| Original cataloging agency |
VYR |
| Transcribing agency |
VYR |
| Modifying agency |
JRZ |
| -- |
OCLCQ |
| -- |
BAKER |
| -- |
OCO |
| -- |
NLGGC |
| -- |
DLC |
| 042 ## - AUTHENTICATION CODE |
| Authentication code |
lccopycat |
| 050 00 - LIBRARY OF CONGRESS CALL NUMBER |
| Classification number |
QA76.3 |
| Item number |
.B377 2004 |
| 082 04 - DEWEY DECIMAL CLASSIFICATION NUMBER |
| Classification number |
006.76 BAS |
| Edition number |
22 |
| 084 ## - OTHER CLASSIFICATION NUMBER |
| Classification number |
54.65 |
| Number source |
bcl |
| 100 1# - MAIN ENTRY--PERSONAL NAME |
| Personal name |
Basham, Bryan. |
| 245 10 - TITLE STATEMENT |
| Title |
Head first servlets & JSP |
| Statement of responsibility, etc. |
Bryan Basham, Kathy Sierra, Bert Bates. |
| 246 3# - VARYING FORM OF TITLE |
| Title proper/short title |
Head first servlets and JSP |
| 250 ## - EDITION STATEMENT |
| Edition statement |
2nd ed. |
| 260 ## - PUBLICATION, DISTRIBUTION, ETC. |
| Place of publication, distribution, etc. |
Sebastopol, CA : |
| Name of publisher, distributor, etc. |
O'Reilly, |
| Date of publication, distribution, etc. |
c2004. |
| 300 ## - PHYSICAL DESCRIPTION |
| Extent |
xxxii, 854 p. : |
| Other physical details |
ill. ; |
| Dimensions |
24 cm. |
| 500 ## - GENERAL NOTE |
| General note |
"Passing the Sun certified Web component developer exam"--Cover. |
| 500 ## - GENERAL NOTE |
| General note |
Includes index. |
| 505 0# - FORMATTED CONTENTS NOTE |
| Formatted contents note |
Why use servlets & JSPs? -- Web app architecture -- Mini MVC tutorial -- Being a servlet -- Being a web app -- Conversational state -- Being a JSP -- Script-free pages -- Custom tags are powerful -- When even JSTL isn't enough ... -- Deploying your web app -- Keep it secret, keep it safe -- The power of filters -- Enterprise design patterns -- The final coffee cram mock exam. |
| 630 00 - SUBJECT ADDED ENTRY--UNIFORM TITLE |
| Uniform title |
JavaServer pages. |
| 650 #0 - SUBJECT ADDED ENTRY--TOPICAL TERM |
| Topical term or geographic name entry element |
Java (Computer program language) |
| 650 #0 - SUBJECT ADDED ENTRY--TOPICAL TERM |
| Topical term or geographic name entry element |
Servlets. |
| 650 #0 - SUBJECT ADDED ENTRY--TOPICAL TERM |
| Topical term or geographic name entry element |
Electronic data processing personnel |
| General subdivision |
Certification |
| Form subdivision |
Study guides. |
| 650 17 - SUBJECT ADDED ENTRY--TOPICAL TERM |
| Topical term or geographic name entry element |
Java Servlets. |
| Source of heading or term |
gtt |
| 650 17 - SUBJECT ADDED ENTRY--TOPICAL TERM |
| Topical term or geographic name entry element |
Java (programmeertaal) |
| Source of heading or term |
gtt |
| 700 1# - ADDED ENTRY--PERSONAL NAME |
| Personal name |
Sierra, Kathy. |
| 700 1# - ADDED ENTRY--PERSONAL NAME |
| Personal name |
Bates, Bert. |
| 856 42 - ELECTRONIC LOCATION AND ACCESS |
| Materials specified |
Publisher description |
| Uniform Resource Identifier |
<a href="http://www.loc.gov/catdir/enhancements/fy0715/2006281089-d.html">http://www.loc.gov/catdir/enhancements/fy0715/2006281089-d.html</a> |
| 906 ## - LOCAL DATA ELEMENT F, LDF (RLIN) |
| a |
7 |
| b |
cbc |
| c |
copycat |
| d |
2 |
| e |
ncip |
| f |
20 |
| g |
y-gencatlg |
| 942 ## - ADDED ENTRY ELEMENTS (KOHA) |
| Source of classification or shelving scheme |
|
| Koha item type |
Book |